Finish the Lyrics - Never Gonna Give You Up - Statistics

General Stats
  • This quiz has been taken 119 times
  • The average score is 49 of 56
Answer Stats
Hint Answer % Correct
Never gonna let you ____ down
97%
Never gonna let you ____ down
97%
Never gonna let you ____ down
97%
Never gonna let you ____ down
97%
Never gonna let you ____ down
97%
Never gonna let you ____ down
97%
Never gonna make you ___ cry
96%
Never gonna make you ___ cry
96%
Never gonna make you ___ cry
96%
Never gonna make you ___ cry
96%
Never gonna make you ___ cry
96%
Never gonna make you ___ cry
96%
Never gonna say _______ goodbye
96%
Never gonna say _______ goodbye
96%
Never gonna say _______ goodbye
96%
Never gonna say _______ goodbye
96%
Never gonna say _______ goodbye
96%
Never gonna say _______ goodbye
96%
Never gonna give you __ up
96%
Never gonna give you __ up
96%
Never gonna give you __ up
96%
Never gonna give you __ up
96%
Never gonna give you __ up
96%
Never gonna give you __ up
96%
Never gonna tell a __ and hurt you lie
94%
Never gonna tell a ___ and hurt you lie
94%
Never gonna tell a ___ and hurt you lie
94%
Never gonna tell a ___ and hurt you lie
94%
Never gonna tell a ___ and hurt you lie
94%
Never gonna tell a ___ and hurt you lie
94%
We've known each other for so ____ long
91%
We've known each other for so ____ long
91%
We're no strangers to ____ love
91%
Never gonna run around and ______ you desert
90%
Never gonna run around and ______ you desert
90%
Never gonna run around and ______ you desert
90%
Never gonna run around and ______ you desert
90%
Never gonna run around and ______ you desert
90%
Never gonna run around and ______ you desert
90%
I just wanna tell you how I'm _______ feeling
90%
And if you ask me how I'm _______ feeling
90%
I just wanna tell you how I'm _______ feeling
90%
You know the _____ and so do I (do I) rules
89%
You wouldn't get this from any other ___ guy
86%
Gotta make you __________ understand
86%
Gotta make you __________ understand
86%
We know the ____ and we're gonna play it game
75%
We know the ____ and we're gonna play it game
75%
but you're too ___ to say it (say it) shy
75%
but you're too ___ to say it (say it) shy
75%
Don't tell me you're too _____ to see blind
67%
Your heart's been ______, aching
62%
Your heart's been ______, aching
62%
A full ____________ what I'm thinking of commitment's
36%
______, we both know what's been going on (going on) Inside
25%
______, we both know what's been going on (going on) Inside
25%
No matching quizzes found
Score Distribution
Percent of People with Each Score
Percentile by Number Answered
Your Score History
You have not taken this quiz